Who Wrote The Song Quiz - Statistics

General Stats
  • This quiz has been taken 68 times
  • The average score is 5 of 15
Answer Stats
Hint Answer % Correct
Jolene, I Will Always Love You, 9 to 5 Dolly Parton
83%
Sunshine of Your Love, Layla, Tears In Heaven Eric Clapton
67%
Johnny B. Goode, Rock and Roll Music, No Particular Place To Go Chuck Berry
50%
Mama Told Me (Not to Come), Short People, You've Got a Friend in Me Randy Newman
33%
Refugee, I Won't Back Down, Runnin' Down a Dream Tom Petty
33%
Dear Prudence, Mother, Fame John Lennon
32%
To Love Somebody, Grease, Tragedy Barry Gibb
30%
Blue Suede Shoes, Matchbox, Everybody's Trying To Be My Baby Carl Perkins
28%
Parklife, Song 2, Feel Good Inc. Damon Albarn
28%
Come and Get It, Another Day, No More Lonely Nights Paul McCartney
27%
Smooth, Unwell, Lonely No More Rob Thomas
22%
One (Is the Loneliest Number), Coconut, Jump Into The Fire Harry Nilsson
20%
After Midnight, Cocaine, Call Me the Breeze J.J. Cale
10%
Without You, Day After Day, Baby Blue Pete Ham
8%
All the Small Things, First Date, The Adventure Tom DeLonge
5%
No matching quizzes found
Score Distribution
Percent of People with Each Score
Percentile by Number Answered
Your Score History
You have not taken this quiz